000 00335 a2200109 4500
001 ART_45193
005 20260410162040.0
008 260409a
245 1 0 _aRégimen recursivo en la reforma de la Ley de Procedimiento Tributario
100 1 _aDiez, Fernando
773 0 _tImpuestos
_g- Nº 20 (ene. 2018)
_wREV45175
999 _c34807
_d34807